LEADER 00538nab a2200145 i 4500 001 000000277344 003 CaOOAMICUS 005 20120619000000.0 008 120619n xx uu u0 0und r 013 $a27708 040 $aSeMil$bita 245 10$aLenin. - P. [1]-32 :$b[1] ill. - Titolo dalla prima pagina. 500 $aGennaio 1945. 773 0 $tRinascita.$b[Ristampa anastatica].$dRoma : Reprint Editori Riuniti, 1974 (stampa 1973)$w()213980 996 $6245$aLenin. - P. [1]-32 :$b[1] ill. - Titolo dalla prima pagina.$9(OLS)http://semarc/title/362239 LEADER 01271nam a2200253 4500 001 000000353221 003 CaOOAMICUS 005 20230327092736.0 008 230327s it 000 u ita r 040 $aSeMil$bita 100 1 $aBusnelli, Giovanni,$c.$0(OLS)http://semarc/name/89144 245 13$aIl miracolo dei Promessi Sposi e il giansenismo del Manzoni / $cGiovanni Busnelli ; critica della sentenza del prof. A. Pellizzari. 264 1$aRoma :$bStabilimento Tipografico Befani,$c1915. 300 $a53 p. ;$c24 cm 650 4$aManzoni, Alessandro <1785-1873> . Promessi sposi - Spiritualitą.$0(OLS)http://semarc/subject/28772 650 4$aGiansenismo.$0(OLS)http://semarc/subject/2623 700 1 $aPellizzari, Achille,$ecuratore.$0(OLS)http://semarc/name/88467 850 $aSeMil 852 $aSeMil$W1$xVenegono$y1$m5B III 6/35$j238880$B244441$CSeMilBibl$Z2$F244441 $81 961 $aRecupero da Biblioteca Seminario Liceale Monza 961 $aEtichetta della Biblioteca del Seminario Liceale di Monza 996 $6245$aIl miracolo dei Promessi Sposi e il giansenismo del Manzoni / $9(OLS)http://semarc/title/443228 996 $6264$aRoma :$bStabilimento Tipografico Befani$9(OLS)http://semarc/publisher/60888